书目信息 |
| 题名: |
现代比利时
|
|
| 作者: | 弗兰克·E·哈格特 | |
| 分册: | 下册 | |
| 出版信息: | 南京 江苏人民出版社 1973.08 |
|
| 页数: | 259-4969页 | |
| 开本: | 20cm | |
| 丛书名: | ||
| 单 册: | ||
| 中图分类: | K564.5 | |
| 科图分类: | ||
| 主题词: | 西欧--历史 | |
| 电子资源: | ||
| ISBN: | ||
| 000 | 00599nam0 2200205 450 | |
| 001 | 0635278391 | |
| 005 | 20061115095251.12 | |
| 010 | @dCNY1.60(二册) | |
| 100 | @a20061115d1973 km y0chiy0120 ea | |
| 101 | 0 | @achi |
| 102 | @aCN@b320000 | |
| 200 | 1 | @a现代比利时@Axian dai bi li shi@h下册@f(英)弗兰克·E·哈格特@F(ying)fu lan ke·E·ha ge te |
| 210 | @a南京@c江苏人民出版社@d1973.08 | |
| 215 | @a259-4969页@d20cm | |
| 300 | @a内部读物 | |
| 606 | 0 | @a西欧@x历史 |
| 690 | @aK564.5@v3 | |
| 701 | 0 | @a弗兰克·E·哈格特@Afu lan ke·E·ha ge te |
| 801 | 0 | @aCN@bPFT@c20061115 |
| 905 | @a10447@dK564.5@e2:2 | |
| 现代比利时.下册/(英)弗兰克·E·哈格特.-南京:江苏人民出版社,1973.08 |
| 259-4969页;20cm |
| 内部读物 |
| ISBN :CNY1.60(二册) |
| ● |
| 相关链接 |
|
|
|
|
正题名:现代比利时
索取号:K564.5/2:2
 
预约/预借
| 序号 | 登录号 | 条形码 | 馆藏地/架位号 | 状态 | 备注 |
| 1 | 0228407 | 001415196 | 第二样本阅览室/ [索取号:K564.5/2:2] | 在馆 |